000 00981nam a2200313 4500
003 EG-GICUC
005 20260331080942.0
008 260331s1973 -us ||fr|||| 001 0 eng d
040 _aEG-GiCUC
_beng
_cEG-GiCUC
_dEG-GiCUC
_erda
041 0 _aeng
082 0 4 _221
_a341.48
_bSO . I
092 0 4 _221
099 _aLaw1 11 341.48 SO . I 1973
100 1 _aSohn , Louis B
_eAuthor.
245 1 0 _aInternational Protection of Human Rights /
_cLouis B. Sohn, And Thomas Buergenthal.
264 1 _aNew York :
_bThe Bobbs-merrill Company,
_c1973.
300 _a1402 pages,
_c24 cm.
336 _2rda content
_atext
337 _2rda media
_aComputer
338 _2rda carrier
_aOnline Resource
500 _aIncludes index.
504 _a
546 _aText in English
650 1 4 _aPublic international law
700 1 _aBuergenthal, Thomas
_ejoint author.
856 4 0 _uhttps://fll.law.cu.edu.eg/fulltext/bks/B11-08888.pdf
905 _a48
942 _2ddc
_cBK
_e21
_n0
999 _c67760
_d67760